Najlepsi strzelcy w historii EURO - Statystyki

Ogólne statystyki
  • Ten quiz został rozwiązany 447 razy
  • Średni wynik to 5 z 12
Statystyki odpowiedzi
Narodowość + Liczba Goli Odpowiedź % Poprawnych
Portugalia (14) Cristiano Ronaldo
100%
Szwecja (6) Zlatan Ibrahimović
71%
Belgia (6) Romelu Lukaku
67%
Francja (6) Thierry Henry
56%
Francja (9) Michel Platini
52%
Francja (7) Antoine Griezmann
44%
Anglia (6) Wayne Rooney
43%
Hiszpania (7) Álvaro Morata
42%
Anglia (6) Alan Shearer
25%
Holandia (6) Ruud van Nistelrooy
20%
Holandia (6) Patrick Kluivert
14%
Portugalia (6) Nuno Gomes
7%
Nie znaleziono quizów pasujących do podanych kryteriów
Rozkład punktacji
Procent ludzi z każdym wynikiem
Percentyl według liczby udzielonych odpowiedzi
Twoja historia wyników
Nie rozwiązałeś tego quizu